00314nam a2200109Ia 4500008004100000100001900041245006300060260000900123300003200132440002400164650001600188180117s9999 xx 000 0 und d aby Joce Aguila 4aThe Love Affair Between Pinoys and Miss Universe Continues c2017 a6-11 pages, 2017 January 29 aPhilippine Panorama aLOVE AFFAIR